000 00266nam a2200109Ia 4500
008 190914s9999||||xx |||||||||||||| ||und||
100 _aRichard N.Skinner
245 0 _aIntegrated Marketing
260 _aNew York
_bMcGraw Hill
_c1998
300 _a12.31
942 _cBK
999 _c9975
_d9975